000 00395nam a2200181Ia 4500
001 19420
005 20260306172652.0
008 260306t2008||||xx |||||||||||||| ||spa||
041 _aESP
082 _a344C4
_bC73
100 _aPerú. Poder Legislativo
_eAUT
245 0 _aCódigo penal
260 _c2008
300 _a
_c
650 _aGEN
654 _aCDE
942 _cLIB
_dJUS
_fJUS
_2ddc
_n
999 _c19420
_d19420